000 00961nam a22002297a 4500
005 20250626153424.0
008 250626b |||||||| |||| 00| 0 eng d
020 _a81-7143-317-0(hbk)
037 _cTB
040 _aCRL
_cCRL
041 _2pun
_apun
084 _aO153,3vN1 P2
_qCRL
100 _aਧਾਲੀਵਾਲ, ਬਲਦੇਵ ਸਿੰਘ
245 _aਪੰਜਾਬੀ ਕਹਾਣੀ ਦੀ ਇਕ ਸਦੀ ਇਤੀਹਈਹਾਸਮੂਲਕ ਪਰਵਾਚਣ
260 _aਅੰਮ੍ਰਿਤਸਰ, ਭਾਰਤ:
_bਰਵਿ ਸਾਹਿਤ ਪ੍ਰਕਾਸ਼ਨ,
_c2002.
300 _a224ਪ.
365 _b 220.00
_cINR
650 _aਪੁਜਾਬੀ ਸਾਹਿਤ
650 _aਪੰਜਾਬੀ ਕਹਾਣੀ
942 _2CC
_cTB
_hO153,3vN1 P2
_n0
999 _c1433018
_d1433018